| 000 | 00821nam a2200301Ia 4500 | ||
|---|---|---|---|
| 001 | Para_7133 | ||
| 003 | CHAP | ||
| 008 | 220125s1900 xx 000 0 und d | ||
| 010 | _a206019 | ||
| 020 | _aM/BAJA | ||
| 040 | _cCHAP | ||
| 082 | _aPA 634.25 P54 | ||
| 100 |
_aPierce, Newton B. _9172151 |
||
| 245 |
_aPeach leaf curl : _b its nature and treatment / _c by Newton B. Pierce |
||
| 260 |
_aWashington : _b USDA |
||
| 300 | _a204 p. | ||
| 440 |
_aBulletin; 20 _9172152 |
||
| 650 |
_aDurazno _x enfermedades _934594 |
||
| 650 |
_aTaphrina deformans _9111614 |
||
| 710 |
_aEUA. Department of Agriculture _938805 |
||
| 901 | _aPA 634.25 P54 | ||
| 902 | _aM | ||
| 905 | _a0000001900 a 0000000000 00 | ||
| 910 | _a1900 | ||
| 942 | _cPARA | ||
| 942 |
_cPARA _d1 |
||
| 999 |
_c206019 _d206019 |
||